Sean Penn Movies Quiz Stats

 Plays Quiz Updated Jan 1, 2021

Support Sporcle.
Go Orange.
Score 0/46 Timer 07:00
0 Plays Today
Year Movie % Correct
2008Milk
89.4%
2003Mystic River
76.1%
1982Fast Times at Ridgemont High
73%
2001I Am Sam
65.5%
1995Dead Man Walking
46.4%
2013Gangster Squad
41%
1998The Thin Red Line
35.3%
2013The Secret Life of Walter Mitty
32.4%
1981Taps
30.6%
2011The Tree of Life
28.6%
1993Carlito's Way
27.4%
2015The Gunman
27%
1988Colors
25.5%
1989Casualties of War
24.2%
2006All the King's Men
22.8%
2011This Must Be the Place
21.9%
1997The Game
21.6%
200321 Grams
21.5%
1983Bad Boys
19.4%
1999Sweet and Lowdown
19.2%
2016The Angry Birds Movie
18.5%
2005The Interpreter
17.6%
1986Shanghai Surprise
16.2%
Year Movie % Correct
1985The Falcon and the Snowman
15.3%
1997U Turn
14.9%
2019The Professor and the Madman
14.1%
1989We're No Angels
13.7%
1986At Close Range
13.5%
2004The Assassination of Richard Nixon
12.4%
1990State of Grace
11.3%
1998Hurlyburly
9%
1997She's So Lovely
8.9%
2007Persepolis
8.7%
1984Racing with the Moon
8.5%
2000Before Night Falls
7.3%
2010Fair Game
6.8%
2000The Weight of Water
5.3%
1984Crackers
4.9%
2000Up at the Villa
4.8%
1997Hugo Pool
4.6%
2003It's All About Love
4%
1997Loved
3.7%
1988Judgment in Berlin
3.7%
1983Summerspell
3.6%
2000The Beaver Trilogy
3.4%
1992Cruise Control
3.2%

From the Vault

4-Letter Movie Men

by El_Dandy

Movies 4m
This is the part where you have to think about the fact that his name wasn't actually 'Don'.
Remove Ads.
Support Sporcle.
Get the best of Sporcle when you Go Orange. This ad-free experience offers more features, more stats, and more fun while also helping to support Sporcle. Thank you for becoming a member.

Show Comments

Extras

Top Quizzes Today


Score Distribution

Your Account Isn't Verified!

In order to create a playlist on Sporcle, you need to verify the email address you used during registration. Go to your Sporcle Settings to finish the process.

Report this User

Report this user for behavior that violates our Community Guidelines.

Details: